Handbook of Total Quality Learning : (Record no. 347836)

000 -LEADER
fixed length control field 00648 a2200193 4500
003 - CONTROL NUMBER IDENTIFIER
control field OSt
005 - DATE AND TIME OF LATEST TRANSACTION
control field 20180116182903.0
008 - FIXED-LENGTH DATA ELEMENTS--GENERAL INFORMATION
fixed length control field 160513b xxu||||| |||| 00| 0 eng d
020 ## - INTERNATIONAL STANDARD BOOK NUMBER
International Standard Book Number 8186104429 (unknown binding)
020 ## - INTERNATIONAL STANDARD BOOK NUMBER
International Standard Book Number 9788186104422 (unknown binding)
040 ## - CATALOGING SOURCE
Transcribing agency 0
082 ## - DEWEY DECIMAL CLASSIFICATION NUMBER
Classification number 658.4013 LES 1997
100 ## - MAIN ENTRY--PERSONAL NAME
Personal name Ronnie Lessem
245 00 - TITLE STATEMENT
Title Handbook of Total Quality Learning :
Remainder of title building a learning organization.
Statement of responsibility, etc. Ronnie Lessem
260 ## - PUBLICATION, DISTRIBUTION, ETC.
Place of publication, distribution, etc. [S.l.] :
Name of publisher, distributor, etc. Beacon Books,
Date of publication, distribution, etc. 1997.
300 ## - PHYSICAL DESCRIPTION
Extent 1 v. (unpaged)
856 40 - ELECTRONIC LOCATION AND ACCESS
Materials specified Amazon.com
Uniform Resource Identifier <a href="http://www.amazon.com/exec/obidos/ASIN/8186104429/chopaconline-20">http://www.amazon.com/exec/obidos/ASIN/8186104429/chopaconline-20</a>
942 ## - ADDED ENTRY ELEMENTS (KOHA)
Institution code [OBSOLETE] NBS
Koha item type Book
Call number prefix 658.4013 LES
Source of classification or shelving scheme
Holdings
Withdrawn status Lost status Damaged status Not for loan Permanent Location Current Location Date acquired Total Checkouts Full call number Barcode Date last seen Date last checked out Price effective from Koha item type Public note
  Write Off     Central Library (CL) Central Library (CL) 08/28/2013 1 658.4013 LES NBS1540 05/13/2016 07/02/2015 08/28/2013 Book No:67/2004/NIMS, Dated:23 August 2004
© 2023 Central Library, National University of Sciences and Technology. All Rights Reserved.